Detalles MARC
| 000 -Cabecera |
| Campo de control de longitud fija |
01346amm a2200517 4500 |
| 005 - Fecha y hora de la última transacción |
| Campo de control |
20240426164727.0 |
| 008 - Elementos de longitud fija--Información general |
| Campo de control de longitud fija |
150511b2008 xxu||||| |||| 00| 0 spa d |
| 020 ## - International Standard Book Number |
| Número Internacional Estándar del Libro (ISBN) |
9789701066522 |
| 041 ## - Idioma |
| Código de idioma |
Español |
| 082 ## - Clasificación Decimal Dewey |
| Número de clasificación |
541 Ch454f3 |
| 100 ## - Entrada principal--Autor personal |
| Nombre personal |
Chang, Raymond |
| 9 (RLIN) |
30037 |
| 245 ## - Título propiamente dicho |
| Título |
Fisicoquímica: para las ciencias químicas y biológicas |
| 250 ## - Edición |
| Mención de edición |
3 edición |
| 260 ## - Pie de imprenta |
| Lugar de publicación, distribución, etc. |
México |
| 260 ## - Pie de imprenta |
| Nombre del editor, distribuidor, etc. |
McGraw-Hill |
| 260 ## - Pie de imprenta |
| Fecha de publicación, distribución, etc. |
2008 |
| 300 ## - Descripción física |
| Extensión |
1018 páginas |
| 650 ## - Materia general |
| Temática (materia general) |
FISICOQUÍMICA |
| 650 ## - Materia general |
| Temática (materia general) |
LEYES DE LOS GASES |
| 650 ## - Materia general |
| Temática (materia general) |
TERMODINÁMICA |
| 650 ## - Materia general |
| Temática (materia general) |
ENERGÍAS |
| 650 ## - Materia general |
| Temática (materia general) |
SOLUCIONES ELECTROLÍTICAS |
| 650 ## - Materia general |
| Temática (materia general) |
EQUILIBRIO QUÍMICO |
| 650 ## - Materia general |
| Temática (materia general) |
ELECTROQUÍMICA |
| 650 ## - Materia general |
| Temática (materia general) |
ÁCIDOS |
| 650 ## - Materia general |
| Temática (materia general) |
BASES |
| 650 ## - Materia general |
| Temática (materia general) |
CINÉTICA QUÍMICA |
| 650 ## - Materia general |
| Temática (materia general) |
CINÉTICA ENZIMÁTICA |
| 650 ## - Materia general |
| Temática (materia general) |
MECÁNICA CUÁNTICA |
| 650 ## - Materia general |
| Temática (materia general) |
ESTRUCTURA ATÓMICA |
| 650 ## - Materia general |
| Temática (materia general) |
ENLACE QUÍMICO |
| 650 ## - Materia general |
| Temática (materia general) |
SOLUCIONES NO ELECTROLÍTICAS |
| 650 ## - Materia general |
| Temática (materia general) |
FUERZAS INTERMOLECULARES |
| 650 ## - Materia general |
| Temática (materia general) |
ESPECTROSCOPÍA |
| 650 ## - Materia general |
| Temática (materia general) |
ESTADO SÓLIDO |
| 650 ## - Materia general |
| Temática (materia general) |
ESTADO LÍQUIDO |
| 650 ## - Materia general |
| Temática (materia general) |
MACROMOLÉCULAS |
| 650 ## - Materia general |
| Temática (materia general) |
SIMETRIA MOLECULAR |
| 650 ## - Materia general |
| Temática (materia general) |
FOTOQUÍMICA |
| 650 ## - Materia general |
| Temática (materia general) |
FOTOBIOLOGÍA |
| 650 ## - Materia general |
| Temática (materia general) |
TERMODINÁMICA ESTADÍSTICA |
| 942 ## - Punto de acceso adicional KOHA |
| Tipo de ítem KOHA |
Libro |
| Fuente del sistema de clasificación o colocación |
Dewey Decimal Classification |